000 00415nam a22001697a 4500
003 MACL
005 20160114161025.0
008 160114b xxu||||| |||| 00| 0 eng d
040 _cMACL
041 _aEnglish
082 _a610
100 _aDr.Singh,P.K.
_917421
245 _aCommon Deseases Prevention& Diagnosis
260 _aDelhi
_bMahak Sahitya Sansar
_c2010
650 _aMedical
_932339
942 _2ddc
_cBK
999 _c52283
_d52283